[Event "Saintly Cup"]
[Site "Sydney"]
[Date "1999.01.30"]
[Round "8"]
[White "Rogers, Ian"]
[Black "Solomon, Stephen J"]
[Result "1-0"]
[WhiteElo "2618"]
[BlackElo "2435"]
[Annotator "Wells,P"]
[PlyCount "81"]
[EventDate "1999.01.22"]
[EventType "tourn"]
[EventRounds "9"]
[EventCountry "AUS"]
[EventCategory "10"]
[SourceTitle "CBM 070"]
[Source "ChessBase"]
[SourceDate "1999.06.08"]
[SourceVersion "1"]
[SourceVersionDate "1999.06.08"]
[SourceQuality "1"]

1. d4 Nf6 2. c4 e6 3. Nc3 Bb4 4. e3 O-O 5. Bd3 d5 6. Nf3 c5 7. O-O Nc6 8. a3
Bxc3 9. bxc3 dxc4 10. Bxc4 Qc7 11. Qc2 e5 12. Bd3 Re8 13. e4 $5 (13. dxe5 Nxe5
14. Nxe5 Qxe5 15. f3 {is the main line, which comes with appropriately weighty
analysis.}) 13... c4 $5 {The text move is positionally interesting since black
is able to trade his c-pawn for white's e-pawn, thus reaching the situation
familiar from so many openings where white will seek compensation for a static
weakness ( the isolated d-pawn ) in his possession of the bishop pair.} (13...
exd4 14. cxd4 Bg4 15. e5 Bxf3 16. exf6 Nxd4 17. Bxh7+ Kh8 18. fxg7+ Kxg7 19.
Bb2 Rad8 20. gxf3 Rh8 21. Kh1 {is known from 'old theory' and will now enjoy
the microscope anew since} Rxh7 (21... Kf8 $1 {looks more promising to me.})
22. Rg1+ Kh8 23. Rg3 Qe5 24. Rag1 Rh4 25. Qc1 Kh7 26. Qb1+ Kh8 27. Qf1 Qe6 28.
Qg2 {was the now famous game 1-0 Sokolov,I-Kasparov,G/Wijk 1999 (28) CBM 69 
(Wells).}) 14. Bxc4 exd4 15. cxd4 Na5 $1 {In principle, the bishop pair can
provide compensation for a structural weakness ( here the forthcoming isolated
d-pawn ) in the endgame as well as the middle game. However, it comes as no
great surprise that black prefers to trade queens since otherwise white may
generate quite concrete attacking chances to supplement his compensation. Thus}
(15... Rxe4 $6 {is not recommended due to} 16. Bd3 (16. Ng5 $2 Nxd4 17. Qa2
Qxc4 18. Qxc4 Ne2+ $17) 16... Re7 17. Bg5 (17. d5 $5 Nxd5 (17... Ne5 18. Nxe5
Qxc2 19. Bxc2 Rxe5 20. d6 $14 {[%cal Yd6d7] White can support his d-pawn using
his dark-squared bishop, and the ever controversial 'passed isolani' here
looks definitely more of an asset than a weakness.}) 18. Bxh7+ Kh8 19. Bg5 {
looks uncomfortable for the defence, and affords black less counterplay than
Nor's choice.}) 17... Bg4 18. Bxf6 gxf6 19. Bxh7+ Kg7 $13 {[%cal Yh8h2]} 20.
Be4 Rh8 21. g3 f5 $6 (21... Bxf3 22. Bxf3 Nxd4 {looks quite reasonable for
black,and is certainly the only logical follow-up to forcing g2-g3.}) 22. Bxc6
bxc6 $6 (22... Bxf3 $1 23. Ba4 Qxc2 24. Bxc2 Rd7 $44) 23. Ne5 Bh3 24. Rfe1 $16
{1-0 Nor,I-Seidl,J/Graz 1998/EXT 99/[Wells] (35)}) (15... Nxe4 16. Bd3 $16) 16.
Bd3 Qxc2 17. Bxc2 Nxe4 {'+/=' - Ivan Sokolov.} 18. Re1 Nd6 $5 (18... Bf5 {
has been the almost universal choice and white's principal reply seems to me
to be none too threatening:} 19. Bf4 (19. Nh4 $2 Ng3 $1 $15 {[%csl Re1,Rf1]}) (
19. Ba4 $5 {is untested, but merits investigation. A preliminary analysis:} Nc6
(19... Red8 $5 20. Nh4 Rxd4 (20... Nc3 $5 21. Nxf5 Nxa4 22. Bg5 f6 23. Bf4 Nc6
$13) 21. Bc2 g6 22. Nxf5 gxf5 23. Be3 $44) 20. Bb2 (20. d5 Nc5 21. dxc6 Rxe1+
22. Nxe1 Nxa4 23. cxb7 Rb8 24. Be3 Rxb7 $11) 20... Rad8 (20... Nf6 21. Ne5 Rac8
22. Rac1 $14) 21. Ne5 Nxe5 22. dxe5 Rf8 23. Bc2 $1 Ng3 (23... Rd2 $2 24. Bxe4
Bxe4 25. Bc3 Rc2 26. Bb4 $16) 24. Bd1 $1 Ne4 25. g4 Bg6 26. f4 f5 $8 $14) 19...
Nd6 $1 20. Ba4 b5 (20... Rxe1+ 21. Rxe1 Ndc4 $13) 21. Bxd6 bxa4 {and black has
no problems.}) 19. Bf4 Nac4 (19... Bf5 $5 {would transpose to the note above,
while avoiding note 'b'.}) 20. Bb3 (20. Rxe8+ Nxe8 21. Bd3 Nb6 22. Re1 Bd7 {
is nothing special for white.}) 20... Bf5 21. Ne5 Be6 22. Nd3 $1 Rad8 23. Nc5
Bc8 (23... Bd5 $4 24. Bxd6 $18) 24. Bxc4 $5 {A very commital decision. White
hopes to give up the advantage of the bishop pair in exchange for breaking
black's blockade of the d-pawn. The devil is in the detail. Around move 29
when white has offered his a-pawn to keep the initiative, the concept looks
far from clear.} (24. Bg5 $5 {looks better.} f6 (24... Rxe1+ 25. Rxe1 Rf8 26.
Bf4 b6 27. Nd3 $14) 25. Bf4 Kh8 26. d5 {[%csl Ye6][%cal Yc5e6]}) 24... Nxc4 25.
Bc7 Rxe1+ 26. Rxe1 Rf8 27. d5 (27. a4 b6 {cannot cause black problems.}) 27...
Nxa3 (27... b6 $5) 28. d6 Nb5 29. Re7 a5 $2 (29... b6 $5 {looks a much better
try.} 30. Nd3 Bf5 (30... Nxc7 $5 31. dxc7 $1 (31. Rxc7 $2 Rd8 32. Ne5 Be6 33.
Rxa7 f6 34. Re7 Bb3 $17) 31... a5 32. Ne5 a4 33. Nd7 $16) 31. Nb4 Rc8 32. Nc6
$13) 30. Bb8 a4 $2 {A bit odd, although} (30... b6 {is no longer without its
difficulties either in view of} 31. Na4 Bf5 32. Rb7 $1 Rd8 33. Rxb6 $16) 31.
Nxa4 Be6 32. Rxb7 $18 Bd5 33. Rb6 Nd4 34. h3 h5 35. Nc5 Ne6 36. Na6 Rc8 37. Bc7
Kf8 38. d7 Ra8 39. Rxe6 fxe6 40. d8=Q+ Rxd8 41. Bxd8 1-0

[Event "Corus"]
[Site "Wijk aan Zee"]
[Date "2001.01.17"]
[Round "4"]
[White "Kramnik, Vladimir"]
[Black "Tiviakov, Sergei"]
[Result "1-0"]
[WhiteElo "2772"]
[BlackElo "2597"]
[Annotator "Wells,P"]
[PlyCount "75"]
[EventDate "2001.01.13"]
[EventType "tourn"]
[EventRounds "13"]
[EventCountry "NED"]
[EventCategory "19"]
[SourceTitle "CBM 081"]
[Source "ChessBase"]
[SourceDate "2001.03.20"]
[SourceVersion "1"]
[SourceVersionDate "2001.03.20"]
[SourceQuality "1"]

1. d4 {McShane} Nf6 2. c4 e6 3. Nc3 Bb4 4. e3 O-O 5. Bd3 d5 6. Nf3 c5 7. O-O
Nc6 8. a3 Bxc3 9. bxc3 dxc4 10. Bxc4 Qc7 {McShane: 'A complex position arises
out of the opening where White has the bishop pair and more central pawns
while Black has a less fragile pawn structure, and the possibility of
incarcerating the c1 bishop behind its own pawns.'} 11. Bb2 e5 {It is
noteworthy for what comes later in section 4, that even in this rather old,
well-established variation the imperative is on black to attack white's centre,
even though this is likely to accelerate the opening of the position. At the
risk of anticipating John Watson's remarks somewhat, it might help to see it
not just as a question of opening the position or not, but as black striking
and making sufficient mess to both try and create good squares for his knights
and also to PREVENT WHITE FROM OPENING THE POSITION ON HIS OWN TERMS. Because,
lets face it, if black sits back and does nothing special, white will organise
the e4 advance and improve the scope of the bishop pair at his own civilised
pace!!} 12. h3 $5 {Unusual, but the line has a definite logic. Why does white
so often retreat the c4 bishop voluntarily when as here the ...Na5 move with
which black will force it back, seems to have both positive and negative
points and while aimed at the light squares is also potentially neglectful of
the centre?} e4 13. Nd2 Na5 14. Ba2 Bf5 (14... c4 $5 15. f3 Bxh3 $5 16. Nxe4
Nxe4 17. fxe4 $13) 15. c4 {[%cal Ga2c4,Yb2f6] '!' McShane. A common problem in
these lines: opening up one bishop's diagonal blocks in the other.} Rfe8 16. d5
Nd7 {McShane: 'Black now hopes to prove that the a2 bishop is restricted, in
the long term to place a knight on d6 and advance b7-b5. But Kramnik has moves
in-between...'} 17. f4 $1 {[%csl Ge5][%cal Yb2g7,Yg2g4,Gd7e5,Yf4e5][%mdl 32]
Contests the e5 square and the b2-g7 diagonal. Logical: focus attention on
that 'uncontested bishop'.  McShane: 'Now the threat of g2-g4 and f4-f5
trapping the bishop forces Black to capture en passant.'} (17. f3 {McShane} Ne5
$1 {and Black sacrifices a pawn but can maintain a stronghold in the centre.})
17... exf3 {Funny old rule this en passant, although one suspects Vlad had it
covered! Probably the capture is pretty much forced - e5 is a big point in
black's defence. Still, the f-file is a huge asset too, f7 can be a bit moist,
and white is perfectly well equipped in this case for a light square
discussion too.} 18. Qxf3 Bg6 19. h4 {[%csl Rg6] '!' McShane. McShane:
'Kramnik is a fantastic player with the initiative and drives his advantage
forward ruthlessly. This one forces a weakness.'} h5 (19... Ne5 20. Qg3 $36)
20. Bb1 $1 {[%csl Rf7] The bishop finds a new home. OK, in general we shall be
looking at positions where the proud possessor of the bishop pair is not the
one initiating exchanges of bishops, but here we are already in the realm of
the familiar 'transfer of advantages': from 'bishop pair' to 'direct attack'
in the course of which 'exchanging key defenders' is quite legitimate.} Qd6 21.
Bc3 {[%csl Ra5] The down side of ...Na5.} b6 22. Ne4 Rxe4 {'?!' McShane.} ({
Its understandable that black didn't like the look of} 22... Qe7 $5 {but the
problem with the exchange sac is that despite an improvement in the condition
of black's knights, white's initiative ( and bishop pair ) survive pretty much
in tact.}) (22... Bxe4 {McShane} 23. Qxf7+) ({But} 22... Qe7 {McShane: may be
a lesser evil although} 23. Ng5 Qxe3+ 24. Qxe3 Rxe3 25. Bxg6 fxg6 26. Rf7 $1 {
promises a big initiative with a rook on the seventh rank.}) 23. Bxe4 Nxc4 24.
Qf4 Qxf4 25. Rxf4 Nxe3 26. Bf3 {McShane: 'Black has two pawns for the exchange,
but the bishop pair and passed pawn make White's job easier. Even so, Kramnik
doesn't waste time in pressing home his advantage.'} Nc2 27. Ra2 Re8 28. g4 $1
{Attack before material. Whatever we may come on to say later, there is no
disputing that healthy bishops thrive on open lines!} hxg4 29. Bxg4 Ne5 30. d6
$1 Nxg4 31. Rxg4 Re6 32. h5 Bd3 33. d7 Rd6 34. Rxg7+ Kf8 35. h6 Nd4 36. Rag2
Bg6 37. Rf2 $1 Nf5 38. h7 1-0

[Event "Linares 17th"]
[Site "Linares"]
[Date "2000.02.28"]
[Round "1"]
[White "Khalifman, Alexander"]
[Black "Kramnik, Vladimir"]
[Result "0-1"]
[WhiteElo "2656"]
[BlackElo "2758"]
[Annotator "Wells,P"]
[PlyCount "70"]
[EventDate "2000.02.28"]
[EventType "tourn"]
[EventRounds "10"]
[EventCountry "ESP"]
[EventCategory "21"]
[SourceTitle "CBM 076"]
[Source "ChessBase"]
[SourceDate "2000.05.31"]
[SourceVersion "1"]
[SourceVersionDate "2000.05.31"]
[SourceQuality "1"]

1. d4 Nf6 2. c4 e6 3. Nc3 Bb4 4. e3 O-O 5. Bd3 c5 6. Nf3 d5 7. O-O Nc6 8. a3
Bxc3 9. bxc3 Qc7 (9... dxc4 10. Bxc4 Qc7 11. Bd3 (11. Bb5 $5) (11. Be2) (11.
Bb2) (11. Ba2)) 10. Bb2 {If white declines to contest the main line, then
black's 9th move, delaying the capture on c4 has the distinct advantage of
restricting white's options.} ({For this reason at least} 10. cxd5 exd5 11. a4
{remains the critical choice.}) 10... dxc4 11. Bxc4 e5 12. Be2 ({The main
alternative here is} 12. h3 {putting a stop to black's intended ...Bg4. The
line seems to have had its heyday in the 1950s. A comparison can be made with 
( in the main line move order ) 11 Ba2 e5 12 h3 which I discussed in CBM 71 -
cf. Y.Yakovich - M.Sosnicki, Swidnica 1999. A couple of examples:} e4 (12...
Rd8 {looks weaker with the bishop still on c4. Black is running into Ng5 at
some stage.}) (12... Bf5 $5 13. Qe2 (13. Bb5 e4 14. Nh4 Be6 (14... Bd7 $5) 15.
c4 cxd4 16. exd4 Rad8 (16... a6 $142 17. d5 axb5 18. Bxf6 gxf6 19. dxe6 fxe6
20. Qg4+ Kh8 21. Qxe4 bxc4 22. Qxc4 $11 {-Taimanov ( Quoted in 'NCO' 1999.)})
17. d5 Ne5 18. Qb3 Bd7 19. Qg3 $1 $40 Rfe8 20. Bxd7 Rxd7 21. Nf5 Ng6 22. Qg5
Qf4 23. Bxf6 gxf6 24. Qxf6 Qe5 25. Nh6+ Kf8 26. Ng4 $16 {1-0 Taimanov,
M-Antoshin,V/Moscow 1957/URS-ch (41)}) 13... Rfe8 14. Rfd1 Rad8 15. a4 e4 16.
Nd2 Nd5 17. Nb3 cxd4 18. Nxd4 $5 Nxd4 19. Rxd4 Ne7 20. Bb5 Nc6 21. Bxc6 Qxc6
22. Qb5 Rxd4 23. cxd4 Bd7 24. Qxc6 Bxc6 25. a5 {[%csl Yd4][%cal Yd4d5] 1-0
Hort,V-King,D/BL8586 1986/GER-chT (49) with a minimal advantage for white,
which he exhibited really fine technique to convert.}) 13. Nd2 $1 {another
advantage of the move h3 - white does not have to reckon with the irritating ..
.Ng4.} Ne7 14. Be2 $5 cxd4 $6 15. cxd4 Be6 16. Qb1 Bd5 17. Rc1 Qd7 18. a4 $14 {
1-0 Brinck Claussen,B-Kolarov,A/Lugano 1968/MCD (41)}) 12... Rd8 {An
interesting choice. Theory is less than crystal clear here, not least because
the position reached at move 17 here has been subject to quite a variety of
assessments.} ({Arguably simpler is} 12... Bg4 $5 {the point being that after}
13. dxe5 Nxe5 14. c4 Nxf3+ 15. Bxf3 {looks fairly harmless, but may still be
better than} (15. gxf3 Bh3 {when white's rook faces a more restricted choice,
and worse still no possibility to contest the d-file so quickly} 16. Re1 Rad8
17. Qc2 Qc6 18. Qc3 $6 (18. Kh1 Ng4 19. e4 Rd2 20. Qxd2 Nxf2+ 21. Kg1 Nxe4 22.
fxe4 Qg6+ 23. Kh1 Qxe4+ 24. Bf3 Qxf3+ 25. Kg1 Qg4+ {1/2-1/2 Navarovszky,
L-Flesch,J/HUN-ch20 1965/MCD (25)}) 18... Rd2 $1 19. e4 Rfd8 20. Kh1 Nh5 21.
Rab1 Qg6 $1 22. Rg1 Rxe2 23. Rxg6 hxg6 24. f4 Red2 25. Rg1 R8d3 26. Qe5 Rd1 27.
Qe8+ Kh7 28. Qa4 Bg4 $1 {0-1 Rubin-Shakarov/corr 1975 (28)}) 15... Rfd8 16. Qe2
Bxf3 17. Qxf3 Ne8 18. h4 Qe7 19. h5 h6 20. Rfd1 b6 21. Qg4 f6 22. Rd5 Nc7 23.
Rf5 Rd6 $11 {1/2-1/2 Yusupov,A-Ehlvest,J/Riga Tal 1995/CBM 47 (30)}) 13. Qc2
Bg4 {Seems to be better than the immediate} (13... e4 14. Nd2 Bf5 15. Nb3 b6
16. c4 cxd4 17. exd4 Ne7 18. Qc3 Rac8 19. Rac1 $14 {[%csl Gb2,Ge2] 1/2-1/2
Yusupov,A-Beliavsky,A/Groningen 1994/CBM 45 (32)}) 14. dxe5 {Now the
possibility of ...e4 needed to be addressed. Only the extraordinarily original
Granda Zuniga has been willing to venture the alternative} (14. Kh1 $5 {
but in principle white should really avoid the exchange of white-squared
bishops.}) 14... Nxe5 15. c4 Nxf3+ 16. gxf3 Bh3 17. Rfd1 Qc6 $5 {The whole
position is complex and none to easy to assess. A few general comments: 1)
White's bishop pair is still generally an asset, and his b2 piece in
particular looks strong.  2) The doubling of the f-pawns of course potentially
weakens white's king-side. In general, if black handles the position carefully,
this seems to be a more significant factor than the half-open g-file.  3) The
combination of pressures bearing down on g7 strongly indicates that black is
right to head for the defensive formation with ...Ne8 and ...f6 ( see note to
move ___). 4) The open d-file is also an important factor - not just in terms
of who will control it, but how many rooks will remain on the board. The text
move looks good since white has to be alert to knight moves facilitating a ...
Qg6+. Also d5 is covered and ...Ne8 prepared.} (17... Rxd1+ 18. Rxd1 Rd8 19.
Rb1 (19. Rc1 Qc6 20. Kh1 Qe6 21. e4 h6 22. Rg1 Nh5 23. Qc3 Rd4 24. Qe3 Qe5 $1 {
[%csl Gb2,Rf4] An instructive moment where the moves speaks more eloquently on
such themes as blockade, the relative worth of the pieces, and outposts than I
could hope to do.} 25. Bf1 (25. Qxh6 Nf4 $44) 25... Bxf1 26. Rxf1 Nf4 27. Rg1
b6 28. a4 Nh3 29. Rf1 Nf4 30. Rg1 Nh3 31. Rf1 Nf4 {1/2-1/2 Taimanov,M-Kholmov,
R/Erevan 1962/URS-ch (31)}) 19... Qc6 (19... Qd7 20. Kh1 Bf5 21. e4 Bg6 22. Qc3
Ne8 23. Qe5 Qd2 $6 24. Rd1 Qa5 25. Rd7 Ra8 26. Kg2 h6 27. Qd5 $16 Qa4 28. Bd1 {
1-0 Taimanov,M-Sliwa,B/Moscow 1956 (28)}) 20. Kh1 Bg4 (20... h6 21. Rg1 Qe6 22.
Qc3 Kf8 23. e4 b6 24. Qe3 g5 $6 {Given the consequences of allowing the queen
to f4 in Vaiser - Kolev, this while perhaps not actually bad, looks like an
overreaction.} 25. Bxf6 Qxf6 26. f4 {[%csl Rg5,Rh3]} Be6 27. fxg5 hxg5 28. Rxg5
Qd4 29. Qf4 {Of course, without queens black would have no problems.} Bxc4 30.
Bxc4 Qxc4 31. Kg2 Qe6 32. Qh4 Re8 33. Kg1 {[%cal Gg5h5,Gh5h8] At issue is
simply relative king security.} c4 (33... Rd8 $5 34. Rh5 Qg6+ 35. Rg5 Qe6 $11 {
(?)}) 34. Rh5 Qg6+ 35. Kf1 f6 36. Rh6 Rxe4 37. f4 Qg7 38. Rh8+ Kf7 39. Qh5+ Ke6
40. Re8+ {1-0 Jussupow,A-Van der Sterren,P/Germany 1998/GER-chT (40)}) 21. Kg2
Bc8 22. Rg1 b6 23. Qc3 Qe6 24. Kh1 Kf8 25. e4 h6 26. Qe3 Bb7 27. Qf4 {1/2-1/2
Vaisser,A-Kolev,A/Elista 1998/CBM 66 ext (27) Looks '+/=', but it is not easy
to progress.}) 18. Qc3 (18. Rxd8+ Rxd8 19. Kh1 Ne8 (19... Rd6 $5 {looks looser}
20. Qc3 Nh5 21. Qe5 (21. Rg1 $5) 21... Bg4 22. e4 f6 23. Qc3 Nf4 24. Bf1 Rd3 $1
25. Bxd3 Bxf3+ 26. Kg1 Qd7 27. Kf1 Nxd3 {0-1 Lim,S-Tisdall,J/Hastings 1976 (27)
}) 20. Rg1 f6 21. Bc3 Be6 22. Rg3 Qd7 23. Qe4 b6 24. Rg1 Qf7 {[%csl Rc4] Here
with just one pair of rooks on the board, black also seems well able to
neutralise the pressure, and start to exploit white's weakness on c4.} 25. Qf4
Kf8 26. Qe4 h6 27. Qf4 Rd7 28. a4 Nd6 29. Rd1 Ke7 30. a5 Nxc4 31. Rxd7+ Kxd7
32. Qb8 Kc6 33. a6 Kb5 34. Qb7 Qg6 $17 {0-1 Schoen,W-Hall,J/2.BLW9697
Wattenscheid-KKS Koeln 1997/BL2-W (40)}) 18... Ne8 19. Kh1 Be6 ({Or similarly} 
19... f6 20. e4 Be6 21. Qe3 Bf7 22. Rg1 Rd7 23. Rg2 Bg6 24. Rag1 Rad8 {This
all bears an uncanny resemblance to the main game, and just goes to confirm
the view that black's position is more than comfortable.} 25. Bc3 b6 26. h4 Qe6
27. Rh2 Bh5 $1 {Again this could have served as a model for Kramnik. White's
king-side aspirations are stopped in their tracks.} 28. Rg3 Nd6 29. Rhg2 Kh8
30. Kh2 Rf8 31. Ba1 Re8 32. Bf1 Nb7 33. Rg1 Rde7 34. Bh3 Qd6 35. Kh1 Na5 36.
Qc3 Nc6 37. Qe3 Ne5 38. Bxe5 Qxe5 39. Rd1 Bf7 40. Bf1 h6 $17 {0-1 Ibragimov,
I-Alexandrov,A/Kherson 1991 (49)}) 20. Rg1 f6 {[%csl Ge8,Gf6][%cal Ge6d5,Yb2f6,
Ge8g7,Ge8f6][%mdl 4] This is the key defensive formation. The f6 pawn blunts
the b2 bishop, while the knight on e8 is supremely well placed to neutralise
white's hopes of an attack on the g-file. In this task it can be supported by
the bishop which can re-route to g6 or h5 as required. The game seems to
suggest that placing all bets on the g-file and abdicating the d-file to
black's rooks is risky indeed.} 21. Rg3 Rd7 22. Rag1 Rad8 23. Bc1 Bf5 24. e4
Bg6 25. h4 Nc7 {Already safe enough on g7 to aspire after a more active role.}
26. Bf1 Ne6 27. Rh3 {[%cal Yh4h5]} Bh5 $1 28. Rhg3 Kh8 29. Qe3 Nd4 30. Bg2 Re8
31. Rh3 Qa4 {White is virtually paralysed, and the threat to penetrate with
the queen is surprisingly hard to parry.} 32. Bf1 Qd1 33. Bg2 Qc2 34. f4 Ne2
35. Rf1 Rd1 {[%csl Rc1,Ge2,Gh5] On the one hand a picture of domination, but
also of economy of force. Each of black's pieces works to the maximum.} 0-1

[Event "Hoogovens"]
[Site "Wijk aan Zee"]
[Date "1997.01.22"]
[Round "4"]
[White "Lautier, Joel"]
[Black "Yermolinsky, Alex"]
[Result "1/2-1/2"]
[WhiteElo "2630"]
[BlackElo "2630"]
[Annotator "Yudasin,L"]
[PlyCount "105"]
[EventDate "1997.01.18"]
[EventType "tourn"]
[EventRounds "13"]
[EventCountry "NED"]
[EventCategory "16"]
[SourceTitle "CBM 057"]
[Source "ChessBase"]
[SourceDate "1997.04.01"]
[SourceVersion "1"]
[SourceVersionDate "1997.04.01"]
[SourceQuality "1"]

1. d4 Nf6 2. c4 e6 3. Nc3 Bb4 4. e3 O-O 5. Bd3 c5 6. Nf3 (6. d5 $5) 6... d5 7.
O-O Nc6 8. a3 Bxc3 9. bxc3 dxc4 10. Bxc4 Qc7 11. Bb5 (11. Ba2 $5) (11. Qe2)
11... a6 12. Be2 Rd8 13. Qc2 e5 14. Bb2 (14. dxe5 Nxe5 15. c4 Nfg4) 14... Bg4
15. dxe5 Nxe5 16. c4 $1 (16. Nxe5 Bxe2 17. Qxe2 Qxe5 18. c4 Qe6 $11) 16...
Nxf3+ 17. gxf3 Bh3 18. Rfb1 $1 (18. Rfd1 Qe7 {with the idea RxR and Rd8}) 18...
Qe7 19. Kh1 Qe6 $1 20. Rg1 {[%cal Gg1g8]} Bf5 21. Qc3 Bg6 {[%cal Gd8d1]} 22.
Rg5 b6 23. a4 a5 $8 24. e4 $1 (24. Rag1 Rd7 {[%cal Ga8d8,Gd7d2]}) 24... Re8 {
with the idea Qc6 and Re6} 25. Rd5 (25. Rag1 Qc6 26. h4 $40) 25... Qc6 26. Bd3
Re6 27. Bc2 $14 Rae8 28. Rad1 (28. Rg1 {with h4}) 28... Qc7 $1 {[%cal Gc7f4,
Gf4h4]} 29. Rg1 h6 {finally planning Kh7-Rg8 and then Nxd5} 30. Rg4 $2 Kh7 31.
Rg1 Rg8 $11 32. Rd2 Rd8 $1 33. Rd5 (33. Rgd1 Rxd2 {transposes to the gaem})
33... Rg8 34. Rd2 Rd8 35. Rgd1 Rxd2 36. Rxd2 (36. Qxd2 Ne8) 36... Re8 37. e5
Nh5 38. Bxg6+ fxg6 39. Rd6 Nf4 40. Qe3 Qf7 $1 (40... Ne6 41. Qe4 {with Bc1 and
Qd5}) 41. Qe4 (41. Rxb6 $2 Qxc4 {[%cal Gc4f1]}) 41... Ne6 $1 {[%cal Ge6g5]} 42.
Bc1 Nd4 43. f4 Re6 44. Rd8 Re8 45. Rd6 Re6 46. Rd8 Re8 47. Qd5 Qxd5+ 48. Rxd5
Kg8 {with the idea Kf7-Nf5-Ke6} 49. Be3 Nf5 50. Rd7 g5 $1 51. fxg5 Nxe3 52.
fxe3 hxg5 (52... Rxe5 $2 53. g6 $16) 53. Rb7 {the ending after Rxe5 is a dead
draw so...} 1/2-1/2